000 00670nam a2200241Ia 4500
003 OSt
005 20221005090422.0
006 a|||||r|||| 00| 0
007 ta
008 221004b |||||||| |||| 00| 0 eng d
024 _a122553
037 _bGift, 29/10/2012,
_cTextual
040 _aCRL
_cCRL
_beng
041 _2eng
_aeng
082 _aV53,1wM90, L0
100 _aSulzberger C. L.
_9111673
245 0 _aLast of the giants
260 _aNew York
_bMacmillan Company U.S.A
_c1970
300 _axv, 1063p.
_ccm.
650 _aHISTORY
942 _hV53,1wM90, L0
_cTEXL
_2cc
999 _c995763
_d995763